00370nam a2200121Ia 45000010005000000080041000050820025000461000048000712450063001192600024001829010027002069990015002332185241024s9999 xx 000 0 und d aRD/863.44/B213c/2003 aBanco Reservas de la República Dominicana 0aCuentos que contar. Tercer Concurso de Literatura Infantil bEd. Universalc2003 a9/3/2012 10:44:44 a.m. c7834d7834